Statistics for Countries of the world map quiz (Special Edition)

Click here to take the quiz!

General Stats

  • This quiz has been taken 9 times
  • The average score is 7 of 15

Answer Stats

HintAnswer% Correct
Which country borders Haiti?Another Country
88%
What is the name of this website?Jetpunk
75%
Who lives in a pineapple under a treeSpongebob Square Pants
75%
Who created Microsoft?Bill Gates
63%
What do squirrels eat in the winter?Nuts
63%
What country is fighting because of Russia?Ukraine
63%
Which Youtuber has the most subscribers (2022)PewDiePie
50%
Which countries are known as the Baltic countries?The Baltic countries
50%
Which creature has 4 legs at a young age, 2 legs at mid age, and 3 legs at old age?You
50%
What did the Egyptians do before common era?Carry large stones, starved, and invented tooth paste
38%
Which animal(s) enjoys spicy food?Humans
38%
Who made the most music in Minecraft?C418
25%
What is my quiz name?Metded
25%
Who Is Metded's favorite quiz maker that everyone should Subscribe 2?HackerCheater
13%
Why did you fall for this quiz?Because it said: Countries of the world map quiz (special edition)
0%

Score Distribution

Percentile by Number Answered

Percent of People with Each Score

Your Score History

You have not taken this quiz